Statistics for Kurtlar Vadisi Quiz

Click here to take the quiz!

General Stats

  • This quiz has been taken 1 339 times
  • The average score is 7 of 10

Answer Stats

QuestionAnswer% Correct
Elif'in yapabildiği tek yemek olan ve bu yüzden Polat'ın en sevdiği yemek hangisidir ?Menemen
92%
Aslan Akbey Şevko'yu nasıl öldürmüştür?Pencereden aşağı atarak
89%
Çakır'ın kumarhane makinelerini taşıyan ölümüyle adeta izleyenleri yasa boğan ünlü nakliyeci kimdir ?Sefer
86%
Hüsrev Ağa'nın kızının ismi nedir?Nazlı
75%
Tombalacı Mehmet'in eşinin Türkiye'deki ismi nedirIşıl
66%
Güllü Erhan'ın eskort yavuklusu kimdir ?Gülümser
63%
İçinde gerçekten uyuşturucu bulunan ve Testere Necmi'nin ölümüne sebep olan geminin ismi nedirŞanslı-S
61%
Mehmet Karahanlı KGT'ue çalıştığı dönemde Kıbrıs'ta hangi kimlikle gizli görevde bulunmuştu?portakal tüccarı
50%
Aslan Akbey, Polat'a operasyonu anlatırken Süleyman Çakır'ı hangi sıfatla tanıtmıştırPrens
46%
Pala ve ekibinin ünlü mottosunun Bedir tarafından söylenen kısmı aşağıdakilerden hangisinde doğru olarak verilmiştir ?Hatırlamam
33%

Score Distribution

Percentile by Number Answered

Percent of People with Each Score

Your Score History

You have not taken this quiz